| 000 | 00886nam a2200277 i 4500 | ||
|---|---|---|---|
| 001 | 67381 | ||
| 003 | ES-MaACL | ||
| 005 | 20240531062941.0 | ||
| 007 | t| | ||
| 008 | 040521s2003 sp ||||1| spa d | ||
| 020 | _a84-96044-17-3 | ||
| 080 | _a316.40.633 | ||
| 080 | _a339.72 | ||
| 080 | _a341.233 | ||
| 080 | _a330.342.14 | ||
| 100 | 0 |
_aFernández Durán, Ramón, _d1947-2011 _949750 |
|
| 245 | 1 | 0 |
_aCapitalismo (financiero) global y guerra permanente _b: el dolar, Wall Street y la guerra contra Irak / _cRamón Fernández Durán. |
| 260 |
_aBarcelona : _bVirus, _c2003. |
||
| 300 |
_a273 p. ; _c20 cm. |
||
| 650 | 4 |
_aGlobalización. _913125 |
|
| 650 | 1 | 4 |
_aFinanzas internacionales. _912874 |
| 650 | 0 | 4 |
_aIntervención (Derecho internacional) _913878 |
| 650 | 1 | 4 |
_aCapitalismo. _910760 |
| 852 |
_aES-MaACL _jL-27604 _bR.133296 |
||
| 999 |
_c67381 _d67381 |
||